LEADER 01008nam a2200217 i 4500 001 000000156506 003 CaOOAMICUS 005 20061206000000.0 008 061206s1943 it u000 u ita u 013 $a133861 040 $aSeMil$bita 100 1 $aAlighieri, Dante,$d<1265-1321>.$0(OLS)http://semarc/name/453 245 13$aLa Divina Commedia /$cDante Alighieri ; Nel testo critico della Società Dantesca Italiana con 105 Tavole a colori di G. B. Galizzi. 260 $aNovara :$bIstituto Geografico De Agostini,$cstampa 1943. 300 $a414 p. :$bill. ;$c35 cm. 650 4$aAlighieri, Dante <1265-1321> . Divina Commedia.$0(OLS)http://semarc/subject/338 700 1 $aGalizzi, Giovanni Battista.$0(OLS)http://semarc/name/61146 850 $aSeMil 852 $aSeMil$W1$xVenegono$y1$m5I XII 27$j108269$B108269$CSeMilBibl$Z2$F117844 $8I 996 $6245$aLa Divina Commedia$9(OLS)http://semarc/title/45395 996 $6260$aNovara :$bIstituto Geografico De Agostini$9(OLS)http://semarc/publisher/31865 LEADER 01042nam a2200253 i 4500 001 000000066773 003 CaOOAMICUS 005 20070531000000.0 008 070531s1987 it u000 u ita u 013 $a37945 040 $aSeMil$bita 100 1 $aFerrero, Ernesto <1938->.$0(OLS)http://semarc/name/18928 245 10$aInvito alla lettura di Carlo Emilio Gadda /$cErnesto Ferrero. 260 $aMilano :$bMursia,$ccopyr. 1987. 300 $a190 p. ;$c17 cm. 490 0 $aInvito alla lettura. Sezione italiana ;$v11 500 $aContiene : Nota bibliografica. 600 14$aGadda, Carlo Emilio <1893-1973>.$0(OLS)http://semarc/subject/12987 830 0$aInvito alla lettura. Sezione italiana ;$v11.$0(OLS)http://semarc/title/7162 850 $aSeMil 852 $aSeMil$W1$xVenegono$y1$m1D III 66$j32926$B32926$CSeMilBibl$Z2$F32929 $81 961 $aOmaggio: Donazione 996 $6245$aInvito alla lettura di Carlo Emilio Gadda$9(OLS)http://semarc/title/106248 996 $6260$aMilano :$bMursia$9(OLS)http://semarc/publisher/30230